000
00236nam a22000857a 4500
008
161013b xxu||||| |||| 00| 0 eng d
100
_9
826
_a
Dass.H.K.etal.
245
_a
Mathematics Term-II-IX
260
_a
New Delhi
_b
S. Chand Publications
_c
2011
999
_c
3478
_d
3478